[Event "GER-chT Christmas U16 Steinitz"]
[Site "Playchess.com INT"]
[Date "2020.12.28"]
[Round "4.4"]
[White "Klerx, Philipp"]
[Black "Janssen, Joris Frederik"]
[Result "0-1"]
[WhiteElo "1253"]
[BlackElo "1440"]
[PlyCount "130"]
[EventDate "2020.12.28"]
[EventType "team-swiss (blitz)"]
[EventRounds "7"]
[EventCountry "GER"]
[SourceTitle "CBM 200 Extra"]
[Source "ChessBase"]
[SourceDate "2021.03.31"]
[SourceVersion "1"]
[SourceVersionDate "2021.03.31"]
[SourceQuality "1"]
[WhiteTeam "Paderborn Blauer Springer"]
[BlackTeam "Rostock Makkabi"]
[WhiteTeamCountry "GER"]
[BlackTeamCountry "GER"]

1. e4 c5 2. Bc4 e6 3. Nc3 a6 4. a4 Nc6 5. Nf3 Qc7 6. d3 Be7 7. Be3 b6 8. 0-0 Bb7 9. Qd2 Nf6 10. b3 0-0 11. d4 cxd4 12. Bxd4 Bb4 13. Qe3 Nxd4 14. Nxd4 Bxc3 15. Qxc3 Nxe4 16. Qe3 Kh8 17. Bd3 Nf6 18. Nf3 Ng4 19. Qg5 Bxf3 20. g3 Qe5 21. Qh4 g6 22. Rfe1 Qf6 23. Qh3 Bh1 24. Qxg4 Bf3 25. Qc4 Rfc8 26. Qb4 g5 27. Qxb6 Qh6 28. Qd4+ Kg8 29. h4 gxh4 30. Qxh4 Qxh4 31. gxh4 Kh8 32. Re3 Rg8+ 33. Kf1 Bg2+ 34. Ke2 Rac8 35. Re5 Bh3 36. Rh5 Bg4+ 37. Kd2 Bxh5 38. Bxa6 Rc5 39. Bb5 d5 40. Bd3 Bg6 41. Be2 Rxc2+ 42. Kd1 Rb8 43. Ra3 Rb2 44. Bb5 Bc2+ 45. Kc1 Rxb3 46. Ra2 Bd3 47. Kd2 Bxb5 48. axb5 R3xb5 49. Ke3 Rb3+ 50. Kd4 Kg7 51. f4 f6 52. Rg2+ Kf7 53. h5 R3b4+ 54. Kc3 Rb3+ 55. Kd4 R3b4+ 56. Kc3 Rc4+ 57. Kd3 Rb3+ 58. Kd2 Rb2+ 59. Kd3 Rxg2 60. f5 exf5 61. h6 Rg3+ 62. Kd2 Ra4 63. Ke2 Ra2+ 64. Kf1 Rb3 65. Ke1 Rb1# 0-1

[Event "GER-ch U12"]
[Site "Willingen"]
[Date "2019.06.10"]
[Round "3"]
[White "Janssen, Joris Frederik"]
[Black "Walter, Alexander"]
[Result "0-1"]
[WhiteElo "1274"]
[BlackElo "1642"]
[PlyCount "80"]
[EventDate "2019.06.08"]
[EventType "swiss"]
[EventRounds "9"]
[EventCountry "GER"]
[SourceTitle "CBM 191 Extra"]
[Source "ChessBase"]
[SourceDate "2019.09.30"]
[SourceVersion "1"]
[SourceVersionDate "2019.09.30"]
[SourceQuality "1"]

1. d4 Nf6 2. Bf4 e6 3. Nf3 Be7 4. e3 0-0 5. Bd3 d5 6. h3 c5 7. c4 Nc6 8. a3 b6 9. 0-0 Bb7 10. Nc3 Rc8 11. b3 Re8 12. Qc2 h6 13. Rad1 cxd4 14. exd4 Bxa3 15. Qa2 Be7 16. Bb1 Bb4 17. Ne2 Qe7 18. Qc2 Bd6 19. Be5 Nb4 20. Bxf6 Qxf6 21. Qh7+ Kf8 22. Ng3 g6 23. Qxh6+ Qg7 24. Qe3 dxc4 25. bxc4 Rxc4 26. Ne4 Bxe4 27. Qxe4 Rec8 28. Qb7 R4c7 29. Qe4 a5 30. g3 Nd5 31. Kg2 Nc3 32. Qh4 Nxd1 33. Rxd1 Kg8 34. Bd3 a4 35. Bf1 a3 36. Ra1 Rc1 37. Rxc1 Rxc1 38. Qd8+ Qf8 39. Qxb6 a2 40. Nd2 a1Q 0-1

[Event "Mecklenburg VP-ch U12"]
[Site "Malchow"]
[Date "2019.02.05"]
[Round "5.1"]
[White "Janssen, Joris Frederik"]
[Black "Gressler, Christian"]
[Result "0-1"]
[WhiteElo "1289"]
[BlackElo "1382"]
[PlyCount "128"]
[EventDate "2019.02.02"]
[EventType "swiss"]
[EventRounds "7"]
[EventCountry "GER"]
[SourceTitle "EXT 2022"]
[Source "ChessBase"]
[SourceDate "2021.10.06"]
[SourceVersion "1"]
[SourceVersionDate "2021.10.06"]
[SourceQuality "1"]

1. d4 d5 2. c4 e6 3. Nc3 Nf6 4. Nf3 c6 5. e3 Nbd7 6. Bd3 dxc4 7. Bxc4 Nb6 8. Bd3 Qc7 9. 0-0 Bd6 10. b3 Ng4 11. h3 Nh2 12. Re1 Nxf3+ 13. Qxf3 Nd5 14. Bb2 Nf6 15. Rac1 a6 16. e4 e5 17. Nd5 Nxd5 18. exd5 f6 19. dxc6 bxc6 20. dxe5 fxe5 21. Qxc6+ Qxc6 22. Rxc6 Kd7 23. Rc2 g6 24. f4 Re8 25. fxe5 Kd8 26. Rce2 Bc7 27. Rd2 Bb6+ 28. Kh1 Kc7 29. Ba3 Be6 30. Bd6+ Kd8 31. Be4 Rc8 32. Bc5+ Kc7 33. Bxb6+ Kxb6 34. Rd6+ Ka7 35. Bd5 Bxd5 36. Rxd5 Kb6 37. e6 Re7 38. g4 Kc6 39. Rc1+ Kxd5 40. Rxc8 Rxe6 41. Rd8+ Ke4 42. Kg2 Kf4 43. Kf2 Rc6 44. Rf8+ Kg5 45. Rh8 h5 46. gxh5 gxh5 47. Kg2 Rc2+ 48. Kf3 Rc3+ 49. Kg2 Rc2+ 50. Kf3 Kh4 51. b4 Rxa2 52. Ra8 Rb2 53. Rxa6 Rxb4 54. Rg6 Rb3+ 55. Kg2 Rb2+ 56. Kf3 Kxh3 57. Rg3+ Kh2 58. Rg5 h4 59. Rh5 h3 60. Rh8 Rb3+ 61. Kf2 Kh1 62. Kf1 Rf3+ 63. Ke1 Kg2 64. Rg8+ Rg3 0-1

[Event "Mecklenburg VP-ch U12"]
[Site "Malchow"]
[Date "2019.02.02"]
[Round "1.4"]
[White "Janssen, Joris Frederik"]
[Black "Paul, Noah"]
[Result "1-0"]
[WhiteElo "1289"]
[BlackElo "1031"]
[PlyCount "65"]
[EventDate "2019.02.02"]
[EventType "swiss"]
[EventRounds "7"]
[EventCountry "GER"]
[SourceTitle "EXT 2022"]
[Source "ChessBase"]
[SourceDate "2021.10.06"]
[SourceVersion "1"]
[SourceVersionDate "2021.10.06"]
[SourceQuality "1"]

1. d4 d5 2. c4 c6 3. Nf3 Bf5 4. Nc3 Nf6 5. e3 Nbd7 6. Bd3 e6 7. Qc2 Bxd3 8. Qxd3 g6 9. 0-0 Bg7 10. h3 0-0 11. b3 Qc7 12. Bb2 e5 13. cxd5 cxd5 14. Nd2 exd4 15. exd4 Rfe8 16. Rac1 Qd6 17. Nb5 Qf4 18. Nc7 Rac8 19. Nxe8 Rxc1 20. Nxf6+ Nxf6 21. Rxc1 Nh5 22. Rc8+ Bf8 23. Ba3 Qh6 24. Qe3 Qg7 25. Qe7 h6 26. Rxf8+ Kh7 27. Rxf7 b6 28. Qxa7 Kg8 29. Rxg7+ Nxg7 30. Qb8+ Kh7 31. Qc7 h5 32. Bf8 Kh6 33. Nf3 1-0

[Event "Mecklenburg VP-ch U12"]
[Site "Malchow"]
[Date "2018.02.07"]
[Round "3.8"]
[White "Janssen, Joris Frederik"]
[Black "Thormaehlen, Tjark"]
[Result "1/2-1/2"]
[WhiteElo "1156"]
[BlackElo "954"]
[PlyCount "31"]
[EventDate "2018.02.07"]
[EventType "swiss"]
[EventRounds "7"]
[EventCountry "GER"]
[SourceTitle "EXT 2022"]
[Source "ChessBase"]
[SourceDate "2021.10.06"]
[SourceVersion "1"]
[SourceVersionDate "2021.10.06"]
[SourceQuality "1"]

1. d4 d5 2. e3 Nf6 3. Bd3 e6 4. f4 Bd6 5. Nf3 Nc6 6. 0-0 Bd7 7. c3 0-0 8. Nbd2 Ng4 9. Qe2 Qf6 10. Ng5 Nh6 11. Ndf3 Nf5 12. Bd2 h6 13. Nh3 Nh4 14. Be1 Nxf3+ 15. Rxf3 Rfe8 16. Bg3 1/2-1/2